Advanced computer-aided fixture design / (Record no. 174710)
[ view plain ]
| 000 -LEADER | |
|---|---|
| fixed length control field | 01095 a2200241 4500 |
| 003 - CONTROL NUMBER IDENTIFIER | |
| control field | Nust |
| 005 - DATE AND TIME OF LATEST TRANSACTION | |
| control field | 20221006143242.0 |
| 010 ## - LIBRARY OF CONGRESS CONTROL NUMBER | |
| LC control number | 2004026784 |
| 020 ## - INTERNATIONAL STANDARD BOOK NUMBER | |
| International Standard Book Number | 0125947518 (casebound : alk. paper) |
| 040 ## - CATALOGING SOURCE | |
| Transcribing agency | Nust |
| 082 00 - DEWEY DECIMAL CLASSIFICATION NUMBER | |
| Classification number | 621.992,RON |
| 100 1# - MAIN ENTRY--PERSONAL NAME | |
| Personal name | Rong, Yiming, |
| 9 (RLIN) | 99322 |
| 245 10 - TITLE STATEMENT | |
| Title | Advanced computer-aided fixture design / |
| Statement of responsibility, etc. | Yiming (Kevin) Rong, Samuel H. Huang, Zhikun Hou. |
| 260 ## - PUBLICATION, DISTRIBUTION, ETC. | |
| Place of publication, distribution, etc. | Amsterdam ; |
| -- | Boston : |
| Name of publisher, distributor, etc. | Elsevier, |
| Date of publication, distribution, etc. | 2005. |
| 300 ## - PHYSICAL DESCRIPTION | |
| Extent | x, 414 p. : |
| Other physical details | ill. ; |
| Dimensions | 23 cm. |
| 505 ## - FORMATTED CONTENTS NOTE | |
| Formatted contents note | Introduction (Page-1), Computerized Manufacturing Setup Planning (Page-8), Computer-aided Fixture Design (Page-94), Computer-aided Fixture Design verification (Page-211), Fixturing Stiffness Analysis (Page-259), Fixturing Modeling and Analysis (Page-344). |
| 650 #0 - SUBJECT ADDED ENTRY--TOPICAL TERM | |
| Topical term or geographic name entry element | Telecommunication Engineering |
| 700 1# - ADDED ENTRY--PERSONAL NAME | |
| Personal name | Hou, Zhikun. |
| 9 (RLIN) | 99323 |
| 700 1# - ADDED ENTRY--PERSONAL NAME | |
| Personal name | Huang, Samuel H. |
| 9 (RLIN) | 99324 |
| 856 41 - ELECTRONIC LOCATION AND ACCESS | |
| Materials specified | Publisher description |
| Uniform Resource Identifier | <a href="http://www.loc.gov/catdir/enhancements/fy0617/2004026784-d.html">http://www.loc.gov/catdir/enhancements/fy0617/2004026784-d.html</a> |
| 856 41 - ELECTRONIC LOCATION AND ACCESS | |
| Materials specified | Table of contents only |
| Uniform Resource Identifier | <a href="http://www.loc.gov/catdir/toc/ecip054/2004026784.html">http://www.loc.gov/catdir/toc/ecip054/2004026784.html</a> |
| 942 ## - ADDED ENTRY ELEMENTS (KOHA) | |
| Koha item type | Reference |
| Source of classification or shelving scheme | |
| Withdrawn status | Lost status | Source of classification or shelving scheme | Damaged status | Not for loan | Permanent Location | Current Location | Shelving location | Date acquired | Full call number | Barcode | Date last seen | Price effective from | Koha item type | Public note |
|---|---|---|---|---|---|---|---|---|---|---|---|---|---|---|
| Military College of Signals (MCS) | Military College of Signals (MCS) | Reference | 12/12/2016 | 621.992,RON | MCS32435 | 12/08/2016 | 12/12/2016 | Reference | Almirah No.24, Shelf No.1 |
